000 00337nam a2200145Ia 4500
005 20251222141920.0
008 251222s9999||||xx |||||||||||||| ||spa||
020 _a9789972653773
082 _a348.6/V65
100 _aVilela Espinosa, Anna
245 0 _aCostos Laborales
250 _a1ra.ed.
264 _bEditorial Elle
942 _cLIB
999 _c8694
_d8694